00876nam a2200217 a 4500001001000000003000400010005001700014008004100031040002500072100003700097245013300134260003400267300002000301490002200321490000900343500018300352700004500535700005100580830001800631830000900649000028887OSt20260416191046.0110412s1983 dr 000 0 spa d aDO-SdBNPbspacBNPHU a Alvarez Dugan, Mariod1931-200813aLa moral en el ejercicio de la función pública /cMario Alvarez Dugan, José A. Silié Gatón; Hatuey De Camps Jiménez. aSanto Domingo :bONAP,c1983. a39 p. ;c22 cm.1 aSeminariosvno. 51 aONAP aPonencias del Simposio sobre "La Moral del Servidor Público" celebrado en agosto de 1982 con el patrocinio de la Asociación Dominicana de Profesionales de la Administración1 a Silié Gatón, José A., d1920-20141 aCamps Jiménez, Hatuey ded1947-2016epról. 0aSeminariosn5 aONAP